1950 1719 1619 1867 1277 1529 1116 1989 1717 1623 1720 1279 1531 1648 1661 1207 1456 1606 1654 1760 1592 1045 1900 1467 1430 1216 1488 1160 1358 1542 1425 1630 1676 1956 1708 1262 1005 1009 1341 1521 1568 1922 1232 1073 1891 1610 1365 1195 1476 1372 1868 1485 1942 1778 1972 1054 1035 1595 1058 1858 1283 1263 1708 1690 1611 1367 1696 1351 1347 1921 1427 1858 1952 1730 1119 1959 1055 1051 1681 1947 1804 1770 1167 1137 1249 1832 1033 1138 1140 1996 1457 1663 1175 1276 1456 1146 1538 1760 1037 BCNSPRNW ULIB Ver.6.0+V

เปลี่ยนเป็นภาษาไทย

Change to English
 แสดงรายละเอียดบรรณานุกรม
  กลับหน้าหลัก

Brief Record : Get Marc (ISO 2709) : E-mail record : QR code < ปิดหน้าต่าง
LEADER : 00000nam 2200000uu 4500
001    13399125143
003     ULIB
008    161020s2549||||th 000 0 tha d
020    9742964475
099    ^aวจ.WX215^bอ792ก
100 0  ^aอุดมรัตน์ ศรีเกตุ
245 00 ^aการส่งต่อผู้ป่วยนอกของโรงพยาบาลจิตเวชนครสวรรค์ราชนครินทร์=^nReferral of out - patient Department of Nakhonsawan Rajanagarindra Psychiatric Hospital./^cอุดมรัตน์ ศรีเกตุ, ธิดาเดือน ดอนจันทร์ ,ละเอียด ปานพ่วง,ปรุงจิตต์ เพ็งวัน,สรินดา น้อยสุข
260    ^aครสวรรค์ :^bโรงพยาบาลจิตเวชนครสวรรค์ราชนครินทร์ กรมสุขภาพจิต กระทรวงสาธารณสุข ,^c2549
300    ^a87 หน้า:^bตาราง
700 0  ^aธิดาเดือน ดอนจันทร์
700 0  ^aละเอียด ปานพ่วง
700 0  ^aปรุงจิตต์ เพ็งวัน
700 0  ^aสรินดา น้อยสุข
945    ^p0^l0^i001394
945    ^p0^l0^i001420
995    ^aณรีรัตน์
999 ^a ใช้งานได้ทุกระบบ
รายการนี้ยังไม่มีแท็ก
คุณยังไม่ได้ล็อกอิน คุณสามารถมีกิจกรรมร่วมกับเว็บไซต์ได้ แต่ต้องล็อกอินก่อน ::
  ล็อกอิน

รายการสื่อสารสนเทศ

ลำดับที่ ประเภท เลขเรียก/บาร์โค้ด สถานที่ สถานะ
1. งานวิจัย
งานวิจัย
วจ.WX215 อ792ก ฉ.1 
  Barcode: 001394
ห้องสมุดวิทยาเขตสวรรค์ประชารักษ์
►วิจัย
บนชั้น
2. งานวิจัย
งานวิจัย
วจ.WX215 อ792ก ฉ.2 
  Barcode: 001420
ห้องสมุดวิทยาเขตสวรรค์ประชารักษ์
►วิจัย
บนชั้น

BibComment


ยังไม่เคยถูกคอมเมนท์

คอมเมนท์ทรัพยากรรายการนี้
  คอมเมนท์: การส่งต่อผู้ป่วย..


 Copyright 2026. Bcnsprnw @Library